guess the kpop idol - Statistics

General Stats
  • This quiz has been taken 86 times
  • The average score is 11 of 16
Answer Stats
Picture Answer % Correct
Lisa
96%
Suga
88%
Hwasa
86%
Han
85%
Kai
78%
Jackson
76%
Jeongyeon
74%
Ricky
69%
IU
68%
Mingi
62%
DK
61%
Jaehyun
58%
Irene
57%
CL
53%
Eunwoo
50%
Rami
42%
No matching quizzes found
Score Distribution
Percent of People with Each Score
Percentile by Number Answered
Your Score History
You have not taken this quiz